| 000 | 00518nam a2200181 a 4500 | ||
|---|---|---|---|
| 001 | 000023074 | ||
| 005 | 20200930021954.0 | ||
| 008 | 101125s1972 sp r 000 0 spa d | ||
| 040 |
_aDO-SdBNP _bspa _cBNPHU |
||
| 082 |
_annnn _bA154l |
||
| 100 | 1 |
_aAbollado, Luis, _947502 |
|
| 245 | 1 | 0 |
_aLiteratura rusa moderna / _cLuis Abollado. |
| 260 |
_aBarcelona : _bLabor, _c1972. |
||
| 300 |
_a241, [5] p. ; _c20 cm. |
||
| 490 | 1 |
_aNueva colección labor _v135 |
|
| 830 | 0 |
_aNueva colección labor _v135 _947503 |
|
| 049 | _aBNGR | ||
| 999 |
_c22571 _d22571 |
||